[Event "44th Rilton Cup 2014-15"]
[Site "Stockholm SWE"]
[Date "2015.01.01"]
[Round "5.34"]
[White "Lindbergh, Theodor"]
[Black "Szente Varga, Fruzsina"]
[Result "0-1"]
[WhiteElo "2128"]
[BlackElo "2202"]
[WhiteFideId "1716956"]
[BlackFideId "712264"]
[EventDate "2014.12.27"]

1. d4 Nf6 2. Nf3 g6 3. c4 Bg7 4. Nc3 O-O 5. g3 c6 6. Bg2 d5 7. b3 dxc4 8. bxc4
c5 9. e3 cxd4 10. exd4 Nc6 11. O-O Bg4 12. Be3 Ne8 13. Ne2 Nd6 14. Rc1 Nf5 15.
d5 Bxf3 16. Bxf3 Ne5 17. Bg2 Nxe3 18. fxe3 Rc8 19. Qb3 Qb6 20. h3 Qa6 21. Rf4
Rc5 22. d6 Qxd6 23. Rd4 Qc7 24. Qxb7 Rc8 25. Nf4 e6 26. Nd3 Nxd3 27. Rxd3 Qxg3
28. Rf1 R5c7 29. Qf3 Qxf3 30. Rxf3 f5 31. Ra3 Bf8 32. Ra6 Rxc4 33. Rxe6 Ra4 34.
Rf2 Rc1+ 35. Bf1 Kf7 36. Re5 Bd6 37. Rb5 Bc5 38. Rb3 f4 39. Kg2 g5 40. Rb7+ Ke6
41. Rxh7 Bxe3 42. Rb2 Ra3 43. Rh6+ Kd5 44. Be2 Bc5 45. Bf3+ Kc4 46. Rc6 Rac3 47.
Be2+ Kd5 48. Bf3+ Rxf3 49. Rxc5+ Rxc5 50. Kxf3 Rc3+ 51. Kf2 Rxh3 52. Rb5+ Ke4
53. Rxg5 Rh2+ 54. Kg1 Rxa2 55. Rc5 a5 56. Rc4+ Kf3 0-1

[Event "44th Rilton Cup 2014-15"]
[Site "Stockholm SWE"]
[Date "2015.01.01"]
[Round "5.35"]
[White "Liedbeck, Patrik"]
[Black "Thingstad, Even"]
[Result "0-1"]
[WhiteElo "2016"]
[BlackElo "2243"]
[WhiteFideId "1718975"]
[BlackFideId "1506439"]
[EventDate "2014.12.27"]

1. e4 c6 2. d4 d5 3. exd5 cxd5 4. c4 Nf6 5. Nc3 Nc6 6. Bg5 dxc4 7. Bxc4 Qxd4 8.
Qxd4 Nxd4 9. O-O-O e5 10. f4 h6 11. Bxf6 gxf6 12. Nd5 Bd6 13. Nxf6+ Ke7 14. Nd5+
Kf8 15. fxe5 Bxe5 16. Nf3 Nxf3 17. gxf3 Be6 18. Kb1 Rc8 19. b3 Rg8 20. f4 Bh8
21. Rhg1 Bf5+ 22. Kc1 Rxg1 23. Rxg1 b5 0-1

[Event "44th Rilton Cup 2014-15"]
[Site "Stockholm SWE"]
[Date "2015.01.01"]
[Round "5.36"]
[White "Rahul Kumar, Pune"]
[Black "Habu, Yoshiharu"]
[Result "0-1"]
[BlackTitle "FM"]
[WhiteElo "2169"]
[BlackElo "2415"]
[WhiteFideId "5010969"]
[BlackFideId "7000537"]
[EventDate "2014.12.27"]

1. Nf3 d5 2. d4 Nf6 3. c4 e6 4. Bg5 h6 5. Bh4 dxc4 6. Qa4+ c6 7. Qxc4 b5 8. Qc2
Bb7 9. e3 Nbd7 10. Bd3 a6 11. O-O c5 12. Nbd2 Rc8 13. Qd1 Be7 14. Rc1 O-O 15.
Qe2 Qb6 16. dxc5 Nxc5 17. Bb1 Rfd8 18. Rfd1 Na4 19. Nb3 Bd5 20. Nbd4 Nc5 21. e4
Ncxe4 22. Rxc8 Rxc8 23. Ne5 g5 24. Bxe4 Bxe4 25. Bg3 Rd8 26. Nb3 Rxd1+ 27. Qxd1
Bd5 28. h4 Bd6 29. hxg5 hxg5 30. Kh2 Qc7 31. Nd3 Bxg3+ 32. fxg3 Ne4 33. Qe1 Qc2
34. Qe3 Kf8 35. Nb4 Qxb2 36. Nxd5 exd5 37. Qd3 Qe5 38. Nd4 Qh8+ 39. Kg1 Qe5 40.
Ne2 Qa1+ 41. Kh2 Nf2 42. Qa3+ Kg7 43. g4 Qh1+ 44. Kg3 Ne4+ 45. Kf3 Nd2+ 46. Kf2
Qf1+ 47. Kg3 Qxe2 0-1

[Event "44th Rilton Cup 2014-15"]
[Site "Stockholm SWE"]
[Date "2015.01.01"]
[Round "5.37"]
[White "Larsson, Anders"]
[Black "Mikalsen, Erlend"]
[Result "1/2-1/2"]
[WhiteElo "2304"]
[BlackElo "2164"]
[WhiteFideId "1712128"]
[BlackFideId "1507338"]
[EventDate "2014.12.27"]

1. e4 c5 2. Nf3 d6 3. Bb5+ Nd7 4. O-O Nf6 5. Re1 a6 6. Bf1 g6 7. c3 Bg7 8. d4
O-O 9. a4 cxd4 10. cxd4 Nb8 11. Nc3 Bg4 12. h3 Bxf3 13. Qxf3 Nc6 14. Qd1 d5 15.
e5 Ne8 16. Be3 Nc7 17. Qb3 Qd7 18. Rad1 b5 19. axb5 axb5 20. Bxb5 Rfb8 21. Bxc6
Qxc6 22. Qc2 Rb4 23. Rc1 Ne6 24. Qd2 Rab8 25. Na2 Rc4 26. Rxc4 Qxc4 27. Nc1 f6
28. exf6 Bxf6 29. Ne2 Qb4 30. Qxb4 Rxb4 31. Nc3 Rxb2 32. Nxd5 Bxd4 33. Bxd4 Nxd4
34. Rxe7 h5 35. Rd7 Nf5 36. g3 Kf8 37. h4 Rd2 38. Nf6 Ra2 39. Nh7+ Ke8 40. Nf6+
Kf8 41. Ne4 Rb2 42. Ra7 Ne7 43. Ng5 Re2 44. Kf1 Rb2 45. Ne6+ Kf7 46. Nf4 Kf6 47.
Kg2 Rc2 48. Kf3 Rc6 49. Ke4 Rd6 50. Nh3 Re6+ 51. Kf3 Rb6 52. Nf4 Rc6 53. Ke4 Rd6
54. Rb7 Ra6 55. Rb4 Rd6 56. Ra4 Rb6 57. f3 Rd6 58. g4 hxg4 59. fxg4 Rd1 60. g5+
Kf7 61. Ra7 Re1+ 62. Kf3 Kg8 63. Kf2 Re4 64. Kf3 Re1 65. Rd7 Rf1+ 66. Ke4 Re1+
67. Kf3 Rf1+ 68. Kg4 Rg1+ 69. Kh3 Re1 70. Ra7 Re4 71. Kg3 Re3+ 72. Kg4 Re4 73.
Kf3 Re1 74. Kf2 Re4 75. Kf3 Re1 1/2-1/2

[Event "44th Rilton Cup 2014-15"]
[Site "Stockholm SWE"]
[Date "2015.01.01"]
[Round "5.38"]
[White "Johansson, Gunnar"]
[Black "Ask, Josef"]
[Result "1-0"]
[WhiteElo "2231"]
[BlackElo "2181"]
[WhiteFideId "1703501"]
[BlackFideId "1704583"]
[EventDate "2014.12.27"]

1. d4 Nf6 2. c4 d6 3. Nf3 Nbd7 4. Nc3 c6 5. e4 e5 6. Be2 Be7 7. O-O O-O 8. Qc2
a5 9. Be3 Qc7 10. a3 a4 11. Nd2 Qa5 12. d5 h6 13. Bd1 Nb6 14. Bxb6 Qxb6 15. Nxa4
Qa7 16. Nc3 Nh7 17. Be2 Ng5 18. Nf3 Nh7 19. Rad1 Nf6 20. Ne1 Ne8 21. Nd3 f5 22.
dxc6 bxc6 23. Nb4 Bd7 24. exf5 Bxf5 25. Bd3 Bd7 26. Be4 Rc8 27. Qd3 Nf6 28. Bf5
Nh5 29. Bxd7 Qxd7 30. Qe4 Rf5 31. Rd3 Nf4 32. Rf3 Rf6 33. Kh1 g5 34. Kg1 g4 35.
Re3 Bd8 36. Nd3 Bc7 37. Nxf4 exf4 38. Qd4 Qf7 39. Re4 Rf8 40. Rfe1 Bd8 41. g3
fxg3 42. Rxg4+ Kh7 43. hxg3 Rxf2 44. Qd3+ Kh8 45. Qd4+ Kh7 46. Qe4+ Kh8 47. Qd4+
Kh7 48. Qe4+ Qf5 49. Rf4 Qxe4 50. Nxe4 R8xf4 51. gxf4 Rxb2 52. Nxd6 Bb6+ 53. Kh1
Bc5 54. Re7+ Kg6 55. Re6+ Kh5 56. Re5+ Kg4 57. Rxc5 Rb1+ 58. Kg2 Rb2+ 59. Kf1
Kxf4 60. Rxc6 h5 61. Nb5 h4 62. Rh6 Kg3 63. Nd4 h3 64. Ne2+ Kg4 65. c5 Ra2 66.
c6 Rxa3 67. c7 Ra8 68. Rc6 Rc8 69. Kf2 Rf8+ 70. Kg1 Rc8 71. Kh2 Kh4 72. Nc3 Kg4
73. Nd5 Kh4 74. Ne7 Rf8 75. c8=Q Rf2+ 76. Kg1 1-0

[Event "44th Rilton Cup 2014-15"]
[Site "Stockholm SWE"]
[Date "2015.01.01"]
[Round "5.39"]
[White "Cafaro, Luca"]
[Black "Hammar, Bengt"]
[Result "1-0"]
[BlackTitle "FM"]
[WhiteElo "2054"]
[BlackElo "2211"]
[WhiteFideId "859818"]
[BlackFideId "1700391"]
[EventDate "2014.12.27"]

1. e4 c5 2. Nf3 d6 3. d4 cxd4 4. Nxd4 Nf6 5. Nc3 a6 6. Be2 e6 7. O-O Nbd7 8. f4
b5 9. a3 Bb7 10. Bf3 Qc7 11. g4 h6 12. Qe2 e5 13. Nf5 g6 14. Ne3 exf4 15. Ned5
Nxd5 16. Nxd5 Bxd5 17. exd5+ Ne5 18. Bxf4 Bg7 19. Qd2 Nc4 20. Rae1+ Kf8 21. Qg2
Bxb2 22. Qh3 Kg7 23. Be4 Be5 24. Qf3 Bxf4 25. Qxf4 Ne5 26. Qf6+ Kg8 27. Kh1 Qd8
28. Qf2 Kg7 29. Bxg6 Rf8 30. Bh5 Rc8 31. Re4 Qe7 32. Ra1 Rc4 33. Rxc4 Nxc4 34.
g5 hxg5 35. Qf5 Kh8 36. h4 Ne3 37. Qf3 Rg8 38. Re1 g4 39. Qxe3 Qxh4+ 40. Kg2 Kg7
41. Qc3+ f6 42. Qc7+ Kh6 43. Rh1 1-0

[Event "44th Rilton Cup 2014-15"]
[Site "Stockholm SWE"]
[Date "2015.01.01"]
[Round "5.40"]
[White "Orndahl, Markus"]
[Black "Evertsson, Lennart"]
[Result "0-1"]
[WhiteElo "2188"]
[BlackElo "2130"]
[WhiteFideId "1709135"]
[BlackFideId "1705156"]
[EventDate "2014.12.27"]

1. e4 c5 2. Nf3 e6 3. d4 cxd4 4. Nxd4 a6 5. Nc3 Qc7 6. Bd3 Bd6 7. Qg4 Be5 8.
Nce2 h5 9. Qh4 Nc6 10. Nxc6 bxc6 11. c3 Ne7 12. f4 Bf6 13. Qf2 d6 14. O-O Bb7
15. e5 dxe5 16. fxe5 Qxe5 17. Bf4 Qa5 18. Be3 h4 19. b4 Qd8 20. Rad1 Qc8 21. Bc5
Rh5 22. Nf4 Rg5 23. Nh3 Rd5 24. c4 Rd7 25. Qe2 Qc7 26. Qe3 O-O-O 27. Bc2 Rxd1
28. Rxd1 Rxd1+ 29. Bxd1 Nf5 30. Qe4 Be5 31. Qg4 Bxh2+ 32. Kh1 Be5 0-1

[Event "44th Rilton Cup 2014-15"]
[Site "Stockholm SWE"]
[Date "2015.01.01"]
[Round "5.41"]
[White "Kassani, Sam"]
[Black "Dragicevic, Drazen"]
[Result "1/2-1/2"]
[BlackTitle "FM"]
[WhiteElo "2086"]
[BlackElo "2289"]
[WhiteFideId "1709089"]
[BlackFideId "1707922"]
[EventDate "2014.12.27"]

1. Nf3 Nf6 2. b3 g6 3. Bb2 Bg7 4. e3 c5 5. Be2 O-O 6. O-O Nc6 7. d3 Rb8 8. c4 a6
9. Nbd2 b5 10. Rc1 bxc4 11. Nxc4 Na5 12. Qd2 Nxc4 13. Rxc4 d6 14. Rfc1 Bd7 15.
R4c2 a5 16. d4 a4 17. dxc5 Ne4 18. Qe1 Bxb2 19. Rxb2 Nxc5 20. b4 Qb6 21. Nd2 Qa7
22. e4 Ne6 23. Rbb1 Nf4 24. Bf1 Bb5 25. Nc4 Rfc8 26. Qd2 Ne6 27. Ne3 Rxc1 28.
Rxc1 Qd4 29. Qxd4 Nxd4 30. Rd1 Nc6 31. a3 Kf8 32. Nd5 Bxf1 33. Kxf1 e6 34. Nc3
Ke7 35. Nxa4 f5 36. Nc3 h6 37. exf5 gxf5 38. f4 e5 39. Rb1 e4 40. b5 Na5 41. Rb4
Ke6 42. g4 d5 43. gxf5+ Kd6 44. Rd4 Kc5 45. Rd1 Rf8 46. Kf2 Rxf5 47. Kg3 Nc4 48.
a4 h5 49. a5 Nxa5 50. b6 Kc4 51. Ra1 Nb7 52. Nd1 d4 53. Ra4+ Kc5 54. Nf2 e3 55.
Nd3+ Kd5 56. Kf3 Rf6 57. Rb4 Re6 58. f5 Rd6 59. Rb1 Rd8 60. Rg1 Nd6 61. f6 Rf8
62. Rg5+ Kc4 63. Ne5+ Kc3 64. Nd7 Rf7 65. Rc5+ Kd2 66. Rd5 d3 67. Rxd6 e2 68. b7
e1=Q 69. b8=Q Qe3+ 70. Kg2 Qe2+ 71. Kg3 Qg4+ 72. Kf2 Qf4+ 73. Kg2 Qe4+ 74. Kf2 1/2-1/2

[Event "44th Rilton Cup 2014-15"]
[Site "Stockholm SWE"]
[Date "2015.01.01"]
[Round "5.42"]
[White "Eriksson, Jorgen"]
[Black "Vistisen, Lars"]
[Result "1-0"]
[WhiteElo "2211"]
[BlackElo "2129"]
[WhiteFideId "1701967"]
[BlackFideId "1404598"]
[EventDate "2014.12.27"]

1. d4 Nf6 2. Bg5 c5 3. Bxf6 gxf6 4. d5 f5 5. e3 e5 6. dxe6 dxe6 7. Qxd8+ Kxd8 8.
Nd2 Bd6 9. g3 Ke7 10. Bg2 Na6 11. c3 Rb8 12. a4 Bd7 13. Ngf3 Rhc8 14. Nc4 Bc7
15. O-O Rd8 16. Nfd2 Bc6 17. Bxc6 bxc6 18. f4 Rd5 19. Rf2 Rbd8 20. e4 fxe4 21.
Nxe4 h6 22. Re2 Rd1+ 23. Re1 Rxa1 24. Rxa1 f5 25. Ned2 Nb8 26. Kf2 Nd7 27. Ke2
Nf6 28. Nf3 Ne4 29. Rd1 Rd5 30. Ne3 Rd6 31. Rxd6 Kxd6 32. Ne5 h5 33. Kf3 Bd8 34.
Nf7+ Kd7 35. Nxd8 Kxd8 36. Nc4 Kc7 37. Kg2 Nf6 38. Kh3 Ng4 39. b3 a6 40. a5 Nf6
41. Kh4 Ng4 42. h3 Nf2 43. Ne5 Kd6 44. c4 Kc7 45. Nf7 Kd7 46. Ng5 Ke7 47. Kxh5
Kf6 48. Nf3 Nd3 49. Kh6 Nf2 50. Ne5 Nxh3 51. Nd7+ Ke7 52. Nxc5 Nf2 53. Nxa6 Ne4
54. b4 Kd6 55. b5 cxb5 56. cxb5 Nxg3 57. b6 Kc6 58. Nc5 Ne4 59. Nxe6 Kb7 60. Kg6
Nd6 61. Kf6 Ka6 62. Ke7 Nb7 63. Nd8 Nxa5 64. b7 Ka7 65. Kd7 Nxb7 66. Nxb7 Kxb7
67. Ke6 Kc7 68. Kxf5 Kd7 69. Kf6 Ke8 70. Kg7 1-0

[Event "44th Rilton Cup 2014-15"]
[Site "Stockholm SWE"]
[Date "2015.01.02"]
[Round "6.1"]
[White "Roiz, Michael"]
[Black "Krasenkow, Michal"]
[Result "1/2-1/2"]
[WhiteTitle "GM"]
[BlackTitle "GM"]
[WhiteElo "2592"]
[BlackElo "2614"]
[WhiteFideId "2804158"]
[BlackFideId "1113100"]
[EventDate "2014.12.27"]

1. Nf3 d5 2. d4 Nf6 3. c4 c6 4. e3 Bg4 5. h3 Bxf3 6. Qxf3 e6 7. Bd3 Nbd7 8. O-O
Bd6 9. Nc3 O-O 10. Qd1 Qe7 11. Bd2 dxc4 12. Bxc4 c5 13. dxc5 Nxc5 14. Qe2 Nfe4
15. Nxe4 Nxe4 16. Rad1 Nxd2 17. Rxd2 Rfd8 18. Rfd1 Bc7 19. Rxd8+ Rxd8 20. Rxd8+
Qxd8 21. Qd3 Qxd3 22. Bxd3 h6 23. Kf1 Kf8 24. Ke2 Be5 25. b3 Ke7 26. Be4 b6 27.
Bd3 Kd6 28. Bb5 Bc3 29. Be8 Ke7 30. Bb5 Kd6 1/2-1/2

[Event "44th Rilton Cup 2014-15"]
[Site "Stockholm SWE"]
[Date "2015.01.02"]
[Round "6.2"]
[White "Lokander, Martin"]
[Black "Hammer, Jon Ludvig"]
[Result "1/2-1/2"]
[WhiteTitle "FM"]
[BlackTitle "GM"]
[WhiteElo "2365"]
[BlackElo "2640"]
[WhiteFideId "1709569"]
[BlackFideId "1503707"]
[EventDate "2014.12.27"]

1. e4 c5 2. Nf3 Nc6 3. d4 cxd4 4. Nxd4 Nf6 5. Nc3 e5 6. Ndb5 d6 7. Nd5 Nxd5 8.
exd5 Nb8 9. c4 Nd7 10. Be3 a6 11. Nc3 Be7 12. Qd2 f5 13. f3 O-O 14. Bd3 h6 15.
O-O Bg5 16. b4 Qf6 17. Bc2 b6 18. Ba4 Rb8 19. Rac1 Qg6 20. Bc6 Nf6 21. Qf2 Bxe3
22. Qxe3 f4 23. Qd2 Bf5 24. Rfe1 Rf7 25. c5 bxc5 26. bxc5 e4 27. Qxf4 exf3 28.
Qxf3 dxc5 29. Qg3 Qxg3 30. hxg3 Bd7 1/2-1/2

[Event "44th Rilton Cup 2014-15"]
[Site "Stockholm SWE"]
[Date "2015.01.02"]
[Round "6.3"]
[White "Turov, Maxim"]
[Black "Hillarp Persson, Tiger"]
[Result "0-1"]
[WhiteTitle "GM"]
[BlackTitle "GM"]
[WhiteElo "2591"]
[BlackElo "2544"]
[WhiteFideId "4120086"]
[BlackFideId "1700812"]
[EventDate "2014.12.27"]

1. d4 Nf6 2. c4 g6 3. Nc3 Bg7 4. e4 d6 5. f4 c5 6. d5 O-O 7. Nf3 e6 8. dxe6 fxe6
9. Bd3 Nh5 10. g3 Nc6 11. O-O b6 12. f5 exf5 13. exf5 gxf5 14. Nd5 Qd7 15. Nh4
Bd4+ 16. Be3 Ng7 17. g4 f4 18. Bxd4 Nxd4 19. Be4 Bb7 20. Kh1 Rae8 21. Qd3 Nge6
22. Bg2 Kh8 23. Rae1 f3 24. Nxf3 Bxd5 25. cxd5 Nf4 26. Rxe8 Qxe8 27. Qa6 Nxg2
28. Nxd4 Ne3 29. Rxf8+ Qxf8 30. Nf5 Nxf5 31. Qf1 Ng3+ 0-1

[Event "44th Rilton Cup 2014-15"]
[Site "Stockholm SWE"]
[Date "2015.01.02"]
[Round "6.4"]
[White "Grandelius, Nils"]
[Black "Sagit, Rauan"]
[Result "1-0"]
[WhiteTitle "GM"]
[BlackTitle "FM"]
[WhiteElo "2581"]
[BlackElo "2357"]
[WhiteFideId "1710400"]
[BlackFideId "1708376"]
[EventDate "2014.12.27"]

1. d4 f5 2. c4 Nf6 3. Nc3 e6 4. e3 d5 5. Bd3 c6 6. Nge2 Bd6 7. f3 O-O 8. Qc2 Kh8
9. Bd2 Na6 10. a3 dxc4 11. Bxc4 Nc7 12. O-O e5 13. dxe5 Bxe5 14. f4 Bxc3 15.
Nxc3 Be6 16. Bxe6 Nxe6 17. Rad1 Ng4 18. h3 Nh6 19. Na4 Qe8 20. b4 Rf7 21. Nb2
Rd8 22. Nc4 Rfd7 23. Ne5 Rd5 24. Bc3 Kg8 25. Rxd5 Rxd5 26. e4 fxe4 27. Qxe4 Nf8
28. Qe3 a6 29. Qb6 Qc8 30. Qf2 Nf5 31. Re1 Qc7 32. Ng4 Ng6 33. Re8+ Kf7 34. Re4
Kg8 35. Re8+ Kf7 36. Re4 Kg8 37. Ne3 Nxe3 38. Qxe3 Rf5 39. Re8+ Rf8 40. f5 Rxe8
41. Qxe8+ Nf8 42. Qe4 Qd7 43. Qe5 b5 44. Kf2 h6 45. Ke3 Qa7+ 46. Bd4 Qf7 47. g4
Qb3+ 48. Bc3 Qf7 49. Qe4 Qc7 50. Kf3 Qd7 51. Bd4 Nh7 52. h4 Nf8 53. Kf4 Qc7+ 54.
Qe5 Qd7 55. g5 hxg5+ 56. hxg5 Qf7 57. Ke4 Qb7 58. Ke3 Qd7 59. g6 Nxg6 60. fxg6
Qh3+ 61. Kd2 Qh6+ 62. Kc3 Qc1+ 63. Kb3 Qb1+ 64. Kc3 Qc1+ 65. Kd3 Qd1+ 66. Ke4
Qh1+ 67. Kf5 Qh3+ 68. Kg5 Qh6+ 69. Kf5 Qh3+ 70. Kf4 Qf1+ 71. Kg3 Qd3+ 72. Kf4
Qf1+ 73. Kg4 Qg2+ 74. Qg3 Qe4+ 75. Kg5 Qd5+ 76. Be5 Qd8+ 77. Kh5 Qd5 78. Qf4
Qh1+ 79. Qh4 Qd5 80. Qf4 Qh1+ 81. Kg5 Qh6+ 82. Kf5 Qh3+ 83. Qg4 Qxa3 84. Ke6 a5
85. Kd7 Qb3 86. Kc7 1-0

[Event "44th Rilton Cup 2014-15"]
[Site "Stockholm SWE"]
[Date "2015.01.02"]
[Round "6.5"]
[White "Smirin, Ilia"]
[Black "Tari, Aryan"]
[Result "1-0"]
[WhiteTitle "GM"]
[BlackTitle "IM"]
[WhiteElo "2644"]
[BlackElo "2485"]
[WhiteFideId "2801990"]
[BlackFideId "1510045"]
[EventDate "2014.12.27"]

1. e4 e5 2. Nf3 Nc6 3. Bb5 Nf6 4. d3 d6 5. O-O Be7 6. c3 O-O 7. Nbd2 a6 8. Ba4
Nb8 9. d4 b5 10. Bc2 Nbd7 11. Re1 Bb7 12. Nf1 Re8 13. Ng3 Bf8 14. Bg5 c5 15. d5
g6 16. b3 Be7 17. Be3 Nb6 18. Nd2 h5 19. h3 h4 20. Ngf1 Nh5 21. a4 Nf4 22. Nh2
Nd7 23. Ndf3 Bf6 24. Ng4 Bg7 25. axb5 axb5 26. Rxa8 Bxa8 27. g3 hxg3 28. fxg3
Nh5 29. Kh2 Qa5 30. Qa1 Qb6 31. Nh6+ Kf8 32. Rf1 Nhf6 33. Nh4 Bb7 34. Qd1 Re7
35. Bg5 Re8 36. Qf3 Qc7 37. Kh1 Nb6 38. Bxf6 Bxh6 39. Nxg6+ Kg8 40. Qh5 Bg7 41.
Nh4 Bxf6 42. Rxf6 Bc8 43. Qg5+ Kf8 44. Rh6 1-0

[Event "44th Rilton Cup 2014-15"]
[Site "Stockholm SWE"]
[Date "2015.01.02"]
[Round "6.6"]
[White "Romanov, Evgeny"]
[Black "Bekker-Jensen, Simon"]
[Result "1-0"]
[WhiteTitle "GM"]
[BlackTitle "IM"]
[WhiteElo "2638"]
[BlackElo "2459"]
[WhiteFideId "4148843"]
[BlackFideId "1403613"]
[EventDate "2014.12.27"]

1. d4 Nf6 2. c4 e6 3. Nf3 d5 4. Nc3 Bb4 5. cxd5 exd5 6. Bg5 h6 7. Bh4 c5 8. dxc5
Nbd7 9. Qa4 Bxc3+ 10. bxc3 O-O 11. Qb4 Re8 12. e3 Qc7 13. Bxf6 Nxf6 14. Nd4 Bd7
15. Be2 Rac8 16. Rc1 Qxc5 17. Qxb7 Qa3 18. O-O Rb8 19. Qa6 Qxa6 20. Bxa6 Rb2 21.
Rc2 Rxc2 22. Nxc2 Ne4 23. c4 dxc4 24. Bxc4 Rc8 25. Bd3 Nc5 26. Be2 Ne4 27. Bd3
Nc5 28. Be2 Ne4 29. Nd4 Nc3 30. Ba6 Rb8 31. a3 Nb1 32. Bb5 Nd2 33. Bxd7 Nxf1 34.
Kxf1 1-0

[Event "44th Rilton Cup 2014-15"]
[Site "Stockholm SWE"]
[Date "2015.01.02"]
[Round "6.7"]
[White "Akesson, Ralf"]
[Black "Goganov, Aleksey"]
[Result "1/2-1/2"]
[WhiteTitle "GM"]
[BlackTitle "GM"]
[WhiteElo "2457"]
[BlackElo "2615"]
[WhiteFideId "1700120"]
[BlackFideId "24109959"]
[EventDate "2014.12.27"]

1. d4 Nf6 2. c4 g6 3. Nc3 Bg7 4. e4 d6 5. Be2 O-O 6. Nf3 e5 7. Be3 exd4 8. Nxd4
Re8 9. f3 c6 10. Bf2 d5 11. exd5 cxd5 12. O-O Nc6 13. c5 Nh5 14. Qd2 Be5 15. g3
Ng7 16. Rfd1 Be6 17. Bf1 Qf6 18. f4 Bxd4 19. Bxd4 Nxd4 20. Qxd4 Qxd4+ 21. Rxd4
Nf5 22. Rd2 Red8 23. Nb5 Rdc8 24. Rc1 a6 25. Nd4 Nxd4 26. Rxd4 b6 27. c6 Bd7 28.
Rxd5 Bxc6 29. Rd6 Bb5 30. Rxc8+ Rxc8 31. Bxb5 axb5 32. b4 Rc1+ 33. Kg2 Rc2+ 34.
Kh3 Rxa2 35. Rxb6 Rb2 36. Rxb5 h5 37. f5 Kg7 38. fxg6 fxg6 39. g4 1/2-1/2

[Event "44th Rilton Cup 2014-15"]
[Site "Stockholm SWE"]
[Date "2015.01.02"]
[Round "6.8"]
[White "Ivanov, Sergey"]
[Black "Smith, Axel"]
[Result "1/2-1/2"]
[WhiteTitle "GM"]
[BlackTitle "IM"]
[WhiteElo "2559"]
[BlackElo "2479"]
[WhiteFideId "4101375"]
[BlackFideId "1707930"]
[EventDate "2014.12.27"]

1. d4 Nf6 2. c4 e6 3. Nf3 d5 4. Nc3 Bb4 5. cxd5 exd5 6. Bg5 h6 7. Bh4 c5 8. e3
c4 9. Be2 Bf5 10. O-O g5 11. Bg3 O-O 12. Nd2 Nc6 13. f4 Bxc3 14. bxc3 Ne4 15.
Nxe4 Bxe4 16. f5 f6 17. h4 Qd7 18. Bg4 b5 19. Qd2 a5 20. a3 Ra7 21. Ra2 Rb7 22.
Rb2 Rc8 23. hxg5 hxg5 24. Bf3 Bxf3 25. gxf3 Qxf5 26. e4 dxe4 27. fxe4 Qxe4 28.
Rxf6 b4 29. axb4 axb4 30. d5 bxc3 31. Qxc3 Rxb2 32. Qxb2 Qd3 33. Kh2 Qh7+ 34.
Kg2 Qe4+ 35. Kh2 Qh7+ 36. Kg2 Qe4+ 37. Kf2 c3 38. Qxc3 Ne7 39. Qf3 Rc2+ 40. Kg1
Rc1+ 41. Kg2 Rc2+ 42. Bf2 Qxf3+ 43. Kxf3 Nxd5 44. Rg6+ Kf7 45. Rxg5 Rc3+ 46. Ke4
Nf6+ 47. Kd4 Ra3 48. Be1 Ra4+ 49. Kd3 Rg4 50. Rxg4 Nxg4 51. Ke4 1/2-1/2

[Event "44th Rilton Cup 2014-15"]
[Site "Stockholm SWE"]
[Date "2015.01.02"]
[Round "6.9"]
[White "Tikkanen, Hans"]
[Black "Bellia, Fabrizio"]
[Result "1-0"]
[WhiteTitle "GM"]
[BlackTitle "IM"]
[WhiteElo "2551"]
[BlackElo "2420"]
[WhiteFideId "1706446"]
[BlackFideId "800511"]
[EventDate "2014.12.27"]

1. d4 d5 2. c4 dxc4 3. e3 Nf6 4. Bxc4 a6 5. Nc3 e6 6. Qf3 Nc6 7. Nge2 Bd6 8. g4
O-O 9. Rg1 Nb4 10. Kf1 Bd7 11. g5 Nfd5 12. e4 Nb6 13. Bb3 c5 14. e5 cxd4 15.
exd6 dxc3 16. bxc3 Nc6 17. c4 Ne5 18. Qc3 f6 19. Bb2 Kh8 20. gxf6 gxf6 21. Nf4
Rc8 22. Nh5 Rc5 23. Qe3 Nbxc4 24. Qh6 Nd2+ 25. Ke2 Bb5+ 26. Kd1 Rg8 27. Rxg8+
Kxg8 28. Qg7# 1-0

[Event "44th Rilton Cup 2014-15"]
[Site "Stockholm SWE"]
[Date "2015.01.02"]
[Round "6.11"]
[White "Percivaldi, Martin"]
[Black "Mikhalevski, Victor"]
[Result "0-1"]
[WhiteTitle "FM"]
[BlackTitle "GM"]
[WhiteElo "2319"]
[BlackElo "2571"]
[WhiteFideId "1508148"]
[BlackFideId "2801914"]
[EventDate "2014.12.27"]

1. d4 Nf6 2. c4 e6 3. g3 c5 4. d5 exd5 5. cxd5 d6 6. Nc3 g6 7. Bg2 Bg7 8. Nf3
O-O 9. O-O Re8 10. Nd2 a6 11. a4 Nbd7 12. h3 Rb8 13. Nc4 Ne5 14. Na3 Nh5 15. e4
Bd7 16. a5 b5 17. axb6 Bb5 18. Naxb5 axb5 19. Nxb5 Qxb6 20. Na3 Qb3 21. Qxb3
Rxb3 22. Rd1 Nd3 23. Nc4 Bd4 24. Kf1 Reb8 25. Ke2 Ne5 26. Nxe5 Bxe5 27. Ra6 Nf6
28. Rd2 Ne8 29. Ra2 Nc7 30. Rd3 R3b4 31. Rd2 Nb5 32. Ra6 Nd4+ 33. Kd1 Nb3 34. f4
Bd4 35. Rc2 Nxc1 36. Kxc1 Bxb2+ 37. Kd1 Rb3 38. Rxd6 Rxg3 39. Bf1 Bd4 40. Bc4
Rb1+ 41. Kd2 Be3+ 42. Ke2 Bxf4 43. Rd8+ Kg7 44. Kf2 Rh1 45. Re2 Rc3 46. d6 Bg3+ 0-1

[Event "44th Rilton Cup 2014-15"]
[Site "Stockholm SWE"]
[Date "2015.01.02"]
[Round "6.12"]
[White "Olund, Joar"]
[Black "Blomqvist, Erik"]
[Result "0-1"]
[WhiteTitle "FM"]
[BlackTitle "GM"]
[WhiteElo "2291"]
[BlackElo "2525"]
[WhiteFideId "1714848"]
[BlackFideId "1709437"]
[EventDate "2014.12.27"]

1. d4 d5 2. c4 c6 3. Nf3 Nf6 4. Nc3 dxc4 5. a4 Bf5 6. Nh4 e6 7. Nxf5 exf5 8. e3
Bd6 9. Bxc4 O-O 10. O-O Nbd7 11. h3 Rc8 12. Qf3 g6 13. Ba2 Bb8 14. Bd2 Qe7 15.
Rfd1 h5 16. g3 Rfe8 17. Rac1 Bd6 18. Be1 Ne4 19. Qg2 Ndf6 20. Rc2 Bb4 21. f3 Ng5
22. Re2 Rcd8 23. Bd2 Ne6 24. Rf2 Kg7 25. g4 f4 26. exf4 Nxd4 27. Re1 Qxe1+ 28.
Bxe1 Rxe1+ 29. Rf1 Bxc3 30. bxc3 Ne2+ 31. Kf2 Nxf4 32. Qg3 Re2+ 33. Kg1 Rg2+ 34.
Qxg2 Nxg2 35. Kxg2 Rd2+ 36. Rf2 Rxf2+ 37. Kxf2 Nd5 38. Bxd5 cxd5 39. g5 f6 40.
Ke3 fxg5 41. Kd4 Kf6 42. Kxd5 Kf5 43. a5 a6 44. Kd6 Kf4 45. Kc7 Kxf3 46. Kxb7 g4
47. hxg4 hxg4 48. c4 g3 49. c5 g2 50. c6 g1=Q 51. c7 Qb1+ 52. Ka7 Qf5 53. Kb7 g5
54. c8=Q Qxc8+ 55. Kxc8 g4 56. Kb7 g3 57. Kxa6 g2 58. Kb7 g1=Q 59. a6 Qg7+ 60.
Kb8 Qf8+ 61. Kb7 Qe7+ 62. Kb8 Qd8+ 63. Kb7 Qd7+ 0-1

[Event "44th Rilton Cup 2014-15"]
[Site "Stockholm SWE"]
[Date "2015.01.02"]
[Round "6.13"]
[White "Adler, Bo"]
[Black "Urkedal, Frode"]
[Result "0-1"]
[BlackTitle "IM"]
[WhiteElo "2210"]
[BlackElo "2517"]
[WhiteFideId "1702149"]
[BlackFideId "1506102"]
[EventDate "2014.12.27"]

1. d4 Nf6 2. c4 e6 3. Nc3 Bb4 4. a3 Bxc3+ 5. bxc3 c5 6. e3 Nc6 7. Ne2 O-O 8. Ng3
d6 9. Bd3 b6 10. O-O Ba6 11. Qe2 Rc8 12. Bd2 Na5 13. e4 cxd4 14. cxd4 Nb3 15.
Bg5 h6 16. Bxf6 Qxf6 17. e5 Qh4 18. Rad1 Nxd4 19. Qe3 dxe5 20. Qxe5 Rfd8 21. f4
Bxc4 22. Rfe1 Nc6 23. Qe4 Bxd3 24. Rxd3 Rxd3 25. Qxd3 Qxf4 26. Ne4 Na5 0-1